PRINCIPLES AND PRACTICE OF CLINICAL GYNECOLOGY (Record no. 14036)

MARC details
000 -LEADER
fixed length control field 00279nam a22001217a 4500
003 - CONTROL NUMBER IDENTIFIER
control field SGT
082 ## - DEWEY DECIMAL CLASSIFICATION NUMBER
Classification number 618.1
Item number P83K
100 ## - MAIN ENTRY--PERSONAL NAME
Personal name KASE,NATHAN G
245 ## - TITLE STATEMENT
Title PRINCIPLES AND PRACTICE OF CLINICAL GYNECOLOGY
260 ## - PUBLICATION, DISTRIBUTION, ETC. (IMPRINT)
Place of publication, distribution, etc NEWYORK
Name of publisher, distributor, etc JOHN WILLY
Year of Publication 1983
300 ## - PAGE DESCRIPTION
No. of Pages 1099
942 ## - ADDED ENTRY ELEMENTS (KOHA)
Source of classification or shelving scheme Dewey Decimal Classification
Koha item type Books
Holdings
Withdrawn status Lost status Source of classification or shelving scheme Damaged status Not for loan Collection code Home library Current library Shelving location Date acquired Vendor Name SGTU Total Checkouts Full call number Accession No. (Barcode) Date last seen Bill Date Koha item type
    Dewey Decimal Classification     MEDICAL SGT Medical Library SGT Medical Library Reference Book 20/12/2017 ABC DELHI SGTU   618.1 P83K FM8955 20/12/2017 20/12/2017 Books